Catálogo
Digital

Catálogo
Digital

Masaje profundo para la liberación de tejidos blandos (Record no. 14204)

MARC details
000 -CABECERA
campo de control de longitud fija 01598nam a2200301 4500
003 - IDENTIFICADOR DEL NÚMERO DE CONTROL
campo de control EC-UNACH
005 - FECHA Y HORA DE LA ÚLTIMA TRANSACCIÓN
campo de control 20251119173548.0
006 - CÓDIGOS DE INFORMACIÓN DE LONGITUD FIJA--CARACTERÍSTICAS DEL MATERIAL ADICIONAL
campo de control de longitud fija s||||gr|||| 00| 00
008 - DATOS DE LONGITUD FIJA--INFORMACIÓN GENERAL
campo de control de longitud fija 150116t9999 mx r gr 000 0 spa d
020 ## - NÚMERO INTERNACIONAL ESTÁNDAR DEL LIBRO
Número Internacional Estándar del Libro 978-84-9835-312-9
040 ## - FUENTE DE LA CATALOGACIÓN
Centro catalogador/agencia de origen EC-UNACH
Centro/agencia transcriptor EC-UNACH
041 ## - CÓDIGO DE LENGUA
Código de lengua del texto/banda sonora o título independiente spa
082 04 - NÚMERO DE LA CLASIFICACIÓN DECIMAL DEWEY
Número de edición 23
Número de clasificación 615.8
Número de documento/Ítem L018345
110 ## - ENTRADA PRINCIPAL--NOMBRE DE ENTIDAD CORPORATIVA
Nombre de entidad corporativa o nombre de jurisdicción como elemento de entrada Editorial medica panamericana
245 ## - MENCIÓN DE TÍTULO
Título Masaje profundo para la liberación de tejidos blandos
250 ## - MENCIÓN DE EDICIÓN
Mención de edición Primera edición
264 ## - Producción, publicación, distribución, fabricación y copyright
Lugar de producción, publicación, distribución, fabricación España
Nombre del de productor, editor, distribuidor, fabricante Editorial medica panamericana
Fecha de de producción, publicación, distribución, fabricación o copyright 2011
300 ## - DESCRIPCIÓN FÍSICA
Extensión 164
505 ## - NOTA DE CONTENIDO CON FORMATO
Nota de contenido con formato Parte I Primeros pasos con la liberación de tejidos blandos: antes de empezar<br/>1 Introducción a la liberación de tejidos<br/>2 Preparación para la liberación de tejidos blandos<br/>Parte II Técnicas de liberación de tejidos blandos<br/>3 Liberación pasiva de tejidos blandos 4 Liberación de tejidos blandos activa-asistida<br/>5 Liberación de tejidos blandos activa<br/>Parte III Aplicaciones de la liberación de tejidos blandos<br/>6 Liberación de tejidos blandos en el tronco<br/>7 Liberación de tejidos blandos en los miembros inferiores<br/>8 Liberación de tejidos blandos en los miembros superiores<br/>Parte IV Programas de liberación de tejidos blandos<br/>9 Elaboración de un programa de liberación de tejidos blandos
650 ## - PUNTO DE ACCESO ADICIONAL DE MATERIA--TÉRMINO DE MATERIA
Término de materia o nombre geográfico como elemento inicial QUIENES DEBERÍAN TRATARSE CON LTB
650 ## - PUNTO DE ACCESO ADICIONAL DE MATERIA--TÉRMINO DE MATERIA
Término de materia o nombre geográfico como elemento inicial EQUIPAMIENTO NESESARIO
650 ## - PUNTO DE ACCESO ADICIONAL DE MATERIA--TÉRMINO DE MATERIA
Término de materia o nombre geográfico como elemento inicial CLAVES PARA SOSTENER CADA MUSCULO
700 ## - PUNTO DE ACCESO ADICIONAL--NOMBRE DE PERSONA
Nombre de persona Jane Johnson ,MCSP , MSc
942 ## - ELEMENTOS DE PUNTO DE ACCESO ADICIONAL (KOHA)
Fuente del sistema de clasificación o colocación Clasificación Decimal Dewey
Tipo de ítem Koha Libros
999 ## - NÚMEROS DE CONTROL DE SISTEMA (KOHA)
Koha biblionumber 14204
Holdings
Estado de pérdida Fuente del sistema de clasificación o colocación Estado dañado No para préstamo Localización permanente Ubicación/localización actual Ubicación en estantería Fecha de adquisición Fuente de adquisición Número de inventario Total de préstamos Signatura topográfica completa Código de barras Fecha visto por última vez Precio válido a partir de Tipo de ítem Koha Centro de costos
  Clasificación Decimal Dewey     Biblioteca Campus Norte Biblioteca Campus Norte Facultad de Ciencias de la Salud - Generalidades 19/11/2025 Transitoria segunda Resolución N°0311-CU-UNACH-SE-ORD-16-09-24 39933467   615.8 PAN L018345 L018345 19/11/2025 19/11/2025 Libros  

Powered by Koha